Online
Catalog

Lope : (Record no. 11059)

MARC details
000 -CABECERA
campo de control de longitud fija 00859nam a2200241 a 4500
001 - NÚMERO DE CONTROL
campo de control 000011352
005 - FECHA Y HORA DE LA ÚLTIMA TRANSACCIÓN
campo de control 20200929162427.0
008 - DATOS DE LONGITUD FIJA--INFORMACIÓN GENERAL
campo de control de longitud fija 091016s1988 pr 000 0 spa d
020 ## - NÚMERO INTERNACIONAL ESTÁNDAR DEL LIBRO
Número Internacional Estándar del Libro 0847735214
040 ## - FUENTE DE LA CATALOGACIÓN
Centro catalogador/agencia de origen DO-SdBNP
Lengua de catalogación spa
Centro/agencia transcriptor BNPHU
082 ## - NÚMERO DE LA CLASIFICACIÓN DECIMAL DEWEY
Número de clasificación 862.44
Número de documento/Ítem M357l
049 ## - FONDOS LOCALES (OCLC)
Fondos de biblioteca BNPD
100 1# - ENTRADA PRINCIPAL--NOMBRE DE PERSONA
Nombre de persona Márquez Villanueva, Francisco
Fechas asociadas al nombre 1931-
9 (RLIN) 26958
245 10 - MENCIÓN DE TÍTULO
Título Lope :
Resto del título vida y valores /
Mención de responsabilidad, etc. Francisco Márquez Villanueva.
260 ## - PUBLICACIÓN, DISTRIBUCIÓN, ETC.
Lugar de publicación, distribución, etc. Santo Domingo :
Nombre del editor, distribuidor, etc. Universida de Puerto Rico,
Fecha de publicación, distribución, etc. 1988.
300 ## - DESCRIPCIÓN FÍSICA
Extensión 369 p. : ;
Dimensiones 23 cm.
500 ## - NOTA GENERAL
Nota general Incluye índice Onosmático
500 ## - NOTA GENERAL
Nota general Incluye notas al pie de páginas
500 ## - NOTA GENERAL
Nota general Incluye datos biográficos del autor en la solapas del documentos
600 14 - PUNTO DE ACCESO ADICIONAL DE MATERIA--NOMBRE DE PERSONA
Nombre de persona VEGA, LOPE DE
Fechas asociadas al nombre 1562-1635
Subdivisión general CRÍTICA E INTERPRETACIÓN
9 (RLIN) 13856
600 14 - PUNTO DE ACCESO ADICIONAL DE MATERIA--NOMBRE DE PERSONA
Nombre de persona VEGA, LOPE DE
Fechas asociadas al nombre 1562-1635
Subdivisión general ÉTICA
9 (RLIN) 26959
650 #4 - PUNTO DE ACCESO ADICIONAL DE MATERIA--TÉRMINO DE MATERIA
Término de materia o nombre geográfico como elemento de entrada Literatura española
9 (RLIN) 632
Holdings
Estado de retiro Estado de pérdida Restricciones de uso No para préstamo Código de colección Localización permanente Ubicación/localización actual Ubicación en estantería Fecha de adquisición Número de inventario Total de préstamos Signatura topográfica completa Código de barras Fecha visto por última vez Precio válido a partir de Tipo de ítem Koha Número de copia
      Excluido de préstamo Monografías: Libros y Folletos Patrimonio Dominicano Patrimonio Dominicano En catalogación 16.10.2009 LF1   862.44 M357l 11352-10 25.06.2020 25.06.2020 No se presta  
      Excluido de préstamo Monografías: Libros y Folletos Patrimonio Dominicano Patrimonio Dominicano En catalogación 16.10.2009 LF1   862.44 M357l 11352-20 25.06.2020 25.06.2020 No se presta e.2

Powered by Koha